Statistics for Every Premier League Goalscorer for Blackburn Rovers

Click here to take the quiz!

General Stats

  • This quiz has been taken 46 times
  • The average score is 29 of 103

Answer Stats

Player% Correct
Alan Shearer
97%
Chris Sutton
83%
Andy Cole
73%
Graeme Le Saux
70%
Roque Santa Cruz
70%
Tim Sherwood
70%
Morten Gamst Pedersen
67%
Damien Duff
63%
David Dunn
60%
Dwight Yorke
60%
Per Pedersen
60%
Colin Hendry
57%
Damien Johnson
57%
David Bentley
57%
Henning Berg
57%
Mike Newell
57%
Stuart Ripley
57%
Tugay Kerimoğlu
57%
Yakubu Ayegbeni
57%
Benni McCarthy
53%
Robbie Savage
53%
Craig Bellamy
50%
Jason Wilcox
47%
David Batty
43%
Kevin Gallacher
43%
Christopher Samba
40%
El Hadji Diouf
40%
Jason Roberts
40%
Mame Biram Diouf
40%
Brad Friedel
37%
Brett Emerton
37%
Lucas Neill
37%
Steven Reid
37%
Garry Flitcroft
33%
Grant Hanley
33%
Kevin Davies
33%
Matt Jansen
33%
Steven Nzonzi
33%
David May
30%
Junior Hoilett
30%
Keith Gillespie
30%
Mark Hughes
30%
Martin Dahlin
30%
Andy Todd
27%
Corrado Grabbi
27%
Ian Pearce
27%
Mark Atkins
27%
Martin Taylor
27%
Stephen Warnock
27%
Egil Østenstad
23%
Jeff Kenna
23%
Martin Olsson
23%
Paul Dickov
23%
Ryan Nelsen
23%
Barry Ferguson
20%
Benjani Mwaruwari
20%
David Thompson
20%
Gaël Givet
20%
Ashley Ward
17%
Craig Short
17%
Hakan Şükür
17%
Lorenzo Amoruso
17%
Nikola Kalinić
17%
Rubén Rochina
17%
Callum Davidson
13%
Franco Di Santo
13%
Jason McAteer
13%
Kevin Moran
13%
Lars Bohinen
13%
Mauro Formica
13%
Nicky Marker
13%
Paul Gallagher
13%
Paul Warhurst
13%
André Ooijer
10%
David Goodwillie
10%
George Donis
10%
Graham Fenton
10%
Jon Stead
10%
Markus Babbel
10%
Nathan Blake
10%
Pascal Chimbonda
10%
Sébastien Pérez
10%
Shefki Kuqi
10%
Billy McKinlay
7%
Craig Hignett
7%
Dino Baggio
7%
Florent Sinama-Pongolle
7%
Gary Croft
7%
Gordon Cowans
7%
Keith Andrews
7%
Matt Derbyshire
7%
Roy Wegerle
7%
Shabani Nonda
7%
Zurab Khizanishvili
7%
Alan Mahon
3%
Darren Peacock
3%
Jonathan Douglas
3%
Simon Vukčević
3%
Vratislav Greško
3%
Yordi
3%
Dario Marcolin
0%
Jay Bothroyd
0%
Matty Holmes
0%

Score Distribution

Percentile by Number Answered

Percent of People with Each Score

Your Score History

You have not taken this quiz